000 00464cam a22001337a 4500
008 180718b1980 xxu||||| |||| 00| 0 eng d
082 _aAPPPA 79-80 BIS
100 _aBiswas, C.R.
245 _aRole of the promotional institutions in the industrial development of Gujarat
_cby C.R. Biswas
260 _aNew Delhi
_bIndian Institute of Public Administration
_c1980
300 _a93p.
650 _aIndustrial development-Gujarat
650 _aPromotional institutions
999 _c501179
_d501179